Statistics for Quiz about Rap music

Click here to take the quiz!

General Stats

  • This quiz has been taken 163 times
  • The average score is 12 of 22

Answer Stats

Hint Answer % Correct
What rapper stared in Men in Black?Will Smith
93%
What rapper stared in 8 Mile?Eminem
87%
What rapper is married to Kim Kardashian?Kanye West
87%
What is the alter ego of Eminem?Slim Shady
75%
What rapper is married to Beyonce?Jay Z
72%
What rapper recently dissed Eminem?Machine Gun Kelly
71%
What is the real name of Eminem?Marshall Mathers
69%
What rapper is known for having discovered many other rappers?Dr Dre
67%
What is Eminem's home town?Detroit
67%
Who is the most famous female rapper?Nicki Minaj
65%
What rapper was shot in New YorkTupac
62%
What other female rapper is her rival?Cardi B
61%
With what song did Eminem come back with?Killshot
55%
What was the name of that song?Rap Devil
46%
What song features: Ed Sheeran and Eminem?River
41%
What song features: Dr Dre, Eminem and Skylar Grey?I need a doctor
39%
Who is the biggest rapper Eminem discovered?50 Cent
38%
About what city does the above have a song about?Miami
35%
What song features: Kanye West and Katy Perry?E.T.
28%
What song features: Katy Perry and Snoop Dogg?California Gurls
27%
Where was Snoop Dogg born?Long Beach
27%
Where was Kanye West born?Atlanta
19%

Score Distribution

Percentile by Number Answered

Percent of People with Each Score

Your Score History

You have not taken this quiz